Т. 2 : Материалы. Рабочие характеристики; Лазеры на гетероструктурах

Detalhes bibliográficos
Parent link:Лазеры на гетероструктурах: в 2 т./ Х. Кейси, М. Паниш. Т. 2 : Материалы. Рабочие характеристики.— , 1981
Idioma:russo
Publicado em: 1981
Assuntos:
Formato: Livro
KOHA link:https://koha.lib.tpu.ru/cgi-bin/koha/opac-detail.pl?biblionumber=95528

MARC

LEADER 00000nam2a2200000 4500
001 95528
005 20231031110156.0
035 |a (RuTPU)RU\TPU\book\102289 
090 |a 95528 
100 |a 20060427d1981 k y0rusy50 ca 
101 1 |a rus  |c eng 
102 |a RU 
105 |a a z 001zy 
200 0 |a Т. 2 : Материалы. Рабочие характеристики 
210 |d 1981 
215 |a 364 с.  |c ил. 
320 |a Библиогр. в конце гл. 
320 |a Предметный указатель: с. 358-362. 
461 1 |0 (RuTPU)RU\TPU\book\119567  |t Лазеры на гетероструктурах  |o в 2 т.  |o пер. с англ.  |f Х. Кейси, М. Паниш  |v Т. 2 : Материалы. Рабочие характеристики  |d 1981 
610 1 |a генераторы 
610 1 |a квантовые генераторы 
610 1 |a генераторы полупроводниковые 
610 1 |a лазеры 
675 |a 621.373.826.038.825  |v 3 
801 1 |a RU  |b 63413507  |c 20060427  |g PSBO 
801 2 |a RU  |b 63413507  |c 20150503  |g PSBO 
942 |c BK